Hanger management : (Record no. 591297)

000 -LEADER
fixed length control field 03245cam a2200577 i 4500
001 - CONTROL NUMBER
control field 21091546
003 - CONTROL NUMBER IDENTIFIER
control field NUST
005 - DATE AND TIME OF LATEST TRANSACTION
control field 20220825162720.0
008 - FIXED-LENGTH DATA ELEMENTS--GENERAL INFORMATION
fixed length control field 190718s2019 nyua g b 001 0 eng d
010 ## - LIBRARY OF CONGRESS CONTROL NUMBER
LC control number 2019946443
020 ## - INTERNATIONAL STANDARD BOOK NUMBER
International Standard Book Number 9780316524568
Qualifying information (hardcover)
020 ## - INTERNATIONAL STANDARD BOOK NUMBER
International Standard Book Number 0316524565
Qualifying information (hardcover)
035 ## - SYSTEM CONTROL NUMBER
System control number (OCoLC)on1096462297
038 ## - RECORD CONTENT LICENSOR
Staff Name Azhar
040 ## - CATALOGING SOURCE
Original cataloging agency YDX
Language of cataloging eng
Transcribing agency YDX
Description conventions rda
Modifying agency BDX
-- SSH
-- CHY
-- OCO
-- CLE
-- IEP
-- GL4
-- ILC
-- OCLCF
-- VP@
-- UAP
-- NZAUC
-- OCLCO
-- OCL
-- DLC
042 ## - AUTHENTICATION CODE
Authentication code lccopycat
050 00 - LIBRARY OF CONGRESS CALL NUMBER
Classification number RA784
Item number .A372 2019
082 ## - DEWEY DECIMAL CLASSIFICATION NUMBER
Classification number 613.2
Author Mark ALB
100 1# - MAIN ENTRY--PERSONAL NAME
Personal name Albers, Susan,
Dates associated with a name 1974-
Relator term author.
9 (RLIN) 98427
245 10 - TITLE STATEMENT
Title Hanger management :
Remainder of title master your hunger and improve your mood, mind, and relationships
Statement of responsibility, etc. Susan Albers, PsyD.
250 ## - EDITION STATEMENT
Edition statement First edition.
260 ## - PUBLICATION, DISTRIBUTION, ETC.
Place of publication, distribution, etc. New York :
Name of publisher, distributor, etc. Little, Brown Spark,
Date of publication, distribution, etc. 2019
264 #4 - PRODUCTION, PUBLICATION, DISTRIBUTION, MANUFACTURE, AND COPYRIGHT NOTICE
Date of production, publication, distribution, manufacture, or copyright notice ©2019
300 ## - PHYSICAL DESCRIPTION
Extent xii, 254 pages :
Other physical details illustrations ;
Dimensions 25 cm
336 ## - CONTENT TYPE
Content type term text
Content type code txt
Source rdacontent
337 ## - MEDIA TYPE
Media type term unmediated
Media type code n
Source rdamedia
338 ## - CARRIER TYPE
Carrier type term volume
Carrier type code nc
Source rdacarrier
504 ## - BIBLIOGRAPHY, ETC. NOTE
Bibliography, etc. note Includes bibliographical references and index.
505 0# - FORMATTED CONTENTS NOTE
Formatted contents note Introduction -- Hanger management 101. From hangry to happy ; Understand hanger: where it comes from-- and why ; The hanger management program -- Hanger management tips. Handling hanger hijackers ; Hanger-free homes and hangouts ; Hear your hunger ; Hunger hypnotizers ; Hack your habits: the 10 S's of mindful eating -- Congratulations!
520 ## - SUMMARY, ETC.
Summary, etc. One minute you're going about your day, and a few seconds later you're a snappy, illogical version of yourself. It's hanger-- hungry-anger. When we forget to eat-- or accidentally overeat-- hunger can make us angry, unreasonable, and dull, with big impacts on our emotional and psychological well being. And hanger can become a cycle. Albers sheds light on the causes of hanger, so you can make better decisions about food. She also shares tips to help you stay on top of your hunger cues, so you'll become happier-- and healthier-- for life. --
Assigning source adapted from jacket
650 #0 - SUBJECT ADDED ENTRY--TOPICAL TERM
Topical term or geographic name entry element Hunger.
9 (RLIN) 98428
650 #0 - SUBJECT ADDED ENTRY--TOPICAL TERM
Topical term or geographic name entry element Nutrition.
9 (RLIN) 37332
650 #0 - SUBJECT ADDED ENTRY--TOPICAL TERM
Topical term or geographic name entry element Dietetics.
9 (RLIN) 98429
650 #0 - SUBJECT ADDED ENTRY--TOPICAL TERM
Topical term or geographic name entry element Food habits.
9 (RLIN) 18841
650 #0 - SUBJECT ADDED ENTRY--TOPICAL TERM
Topical term or geographic name entry element Physical fitness
General subdivision Health aspects.
9 (RLIN) 98430
650 #7 - SUBJECT ADDED ENTRY--TOPICAL TERM
Topical term or geographic name entry element HEALTH & FITNESS / Diet & Nutrition / Weight Loss.
Source of heading or term bisacsh
9 (RLIN) 98431
650 #7 - SUBJECT ADDED ENTRY--TOPICAL TERM
Topical term or geographic name entry element HEALTH & FITNESS / Healthy Living.
Source of heading or term bisacsh
9 (RLIN) 98432
650 #7 - SUBJECT ADDED ENTRY--TOPICAL TERM
Topical term or geographic name entry element PSYCHOLOGY / Mental Health.
Source of heading or term bisacsh
9 (RLIN) 98433
650 #7 - SUBJECT ADDED ENTRY--TOPICAL TERM
Topical term or geographic name entry element PSYCHOLOGY / Psychopathology / Eating Disorders.
Source of heading or term bisacsh
9 (RLIN) 8401
650 #7 - SUBJECT ADDED ENTRY--TOPICAL TERM
Topical term or geographic name entry element SELF-HELP / Eating Disorders & Body Image.
Source of heading or term bisacsh
9 (RLIN) 98434
650 #7 - SUBJECT ADDED ENTRY--TOPICAL TERM
Topical term or geographic name entry element Dietetics.
Source of heading or term fast
Authority record control number or standard number (OCoLC)fst00893353
9 (RLIN) 98429
650 #7 - SUBJECT ADDED ENTRY--TOPICAL TERM
Topical term or geographic name entry element Food habits.
Source of heading or term fast
Authority record control number or standard number (OCoLC)fst00930807
9 (RLIN) 18841
650 #7 - SUBJECT ADDED ENTRY--TOPICAL TERM
Topical term or geographic name entry element Hunger.
Source of heading or term fast
Authority record control number or standard number (OCoLC)fst00964089
9 (RLIN) 98428
650 #7 - SUBJECT ADDED ENTRY--TOPICAL TERM
Topical term or geographic name entry element Nutrition.
Source of heading or term fast
Authority record control number or standard number (OCoLC)fst01042187
9 (RLIN) 37332
650 #7 - SUBJECT ADDED ENTRY--TOPICAL TERM
Topical term or geographic name entry element Physical fitness
General subdivision Health aspects.
Source of heading or term fast
Authority record control number or standard number (OCoLC)fst01062580
9 (RLIN) 98430
655 #7 - INDEX TERM--GENRE/FORM
Genre/form data or focus term Self-help publications.
Source of term fast
Authority record control number (OCoLC)fst01941328
9 (RLIN) 94765
655 #7 - INDEX TERM--GENRE/FORM
Genre/form data or focus term Self-help publications.
Source of term lcgft
9 (RLIN) 94765
906 ## - LOCAL DATA ELEMENT F, LDF (RLIN)
a 7
b cbc
c copycat
d 2
e ncip
f 20
g y-gencatlg
942 ## - ADDED ENTRY ELEMENTS (KOHA)
Source of classification or shelving scheme
Koha item type Lincoln Corner
Holdings
Withdrawn status Lost status Source of classification or shelving scheme Damaged status Not for loan Permanent Location Current Location Shelving location Date acquired Full call number Barcode Date last seen Price effective from Koha item type
          Central Library (CL) Central Library (CL) Lincoln Corner 08/23/2022 613.2 ALB LC-394 08/23/2022 08/23/2022 Reference
© 2023 Central Library, National University of Sciences and Technology. All Rights Reserved.